000 00722nam a22002177a 4500
003 UA-OsUOA
001 104829
007 ta
008 20140129b un ||||| |||| 00| 0 ukr d
100 _aСарапін О.
090 _a2
_bС20
942 _cSA
040 _aUA-OsUOA
_bukr
_cUA-OsUOA
_dUA-OsUOA
245 _aРоздуми про теперішній стан вітчизняного релігієзнавства: чи варто уникати полярних методологічних стратегій?
300 _aС.36-46
955 _a0
041 _aukr
080 _a2
773 0 _w104827
_tФілософська думка
_dК.
_d2013
_g6
650 7 _a2 Релігія. Теологія.
_2UDC
999 _c391120
_d391120